Desigualdades sociales y estado (Registro nro. 5763)

Detalles MARC
000 -LEADER
fixed length control field 01571 a2200229 4500
001 - CONTROL NUMBER
control field 54741
005 - DATE AND TIME OF LATEST TRANSACTION
control field 20260407155822.0
008 - FIXED-LENGTH DATA ELEMENTS--GENERAL INFORMATION
fixed length control field 260407a2008 arg spa d
003 - CONTROL NUMBER IDENTIFIER
control field AR-UNSa-BCEJYS
040 ## - CATALOGING SOURCE
Original cataloging agency AR-UNSa-BCEJYS
Language of cataloging spa
Transcribing agency AR-UNSa-BCEJYS
080 ## - UNIVERSAL DECIMAL CLASSIFICATION NUMBER
Universal Decimal Classification number 321.01
Common auxiliary subdivision Teoría general del Estado. Teoría y filosofía del poder. Estado y territorio. Autoridad y oposición. Usurpación (Filosofía política)
020 ## - INTERNATIONAL STANDARD BOOK NUMBER
International Standard Book Number 978-987-95774-4-8
041 ## - LANGUAGE CODE
Language code of text/sound track or separate title spa
100 1# - MAIN ENTRY--PERSONAL NAME
Personal name Ortiz, Tulio E.
245 10 - TITLE STATEMENT
Title Desigualdades sociales y estado
Name of part/section of a work un estudio multidisciplinar desde la posmodernidad
264 #1 - PRODUCTION, PUBLICATION, DISTRIBUTION, MANUFACTURE, AND COPYRIGHT NOTICE
Place of production, publication, distribution, manufacture Buenos Aires :
Name of producer, publisher, distributor, manufacturer Universidad de Buenos Aires. Facultad de Derecho. Departamento de Publicaciones
Date of production, publication, distribution, manufacture, or copyright notice 2008
300 ## - PHYSICAL DESCRIPTION
Extent 203 p.
Dimensions 22 cm.
505 ## - FORMATTED CONTENTS NOTE
Formatted contents note 1. Introducción – 2. De las semejanzas entre el Estado pre moderno y el Estado posmoderno. Rol de la intelligentsia – 3. La incidencia de la filosofía política del utilitarismo y otras ideas cosmopolitas en la formación del Estado-nación Argentino y el contrato social ausente – 4. El orden internacional y las instituciones de la convivencia internacional ¿Después del Estado qué? – 5. Una posible realidad política posmoderna. Tolerancia y exclusión: proceso reactivo ante el cambio – 6. La estatización y espectacularizacion de la pobreza: análisis crítico del discurso posmoderno televisivo en la Argentina – 7. Los testimonios difuminados – 8. Las escuelas cuentan sus historias en la web.
590 ## - LOCAL NOTE (RLIN)
Local note niveau_biblio:m niveau_hierar:0
700 1# - ADDED ENTRY--PERSONAL NAME
Personal name Pardo, Maria Laura
942 ## - ADDED ENTRY ELEMENTS (KOHA)
Koha item type
Existencias
Withdrawn status Lost status Damaged status Not for loan Home library Current library Shelving location Date acquired Total checkouts Full call number Barcode Date last seen Price effective from Koha item type
        Biblioteca Prof. Eusebio Cleto del Rey Biblioteca Prof. Eusebio Cleto del Rey   07/04/2026   321.01 O77 L117745 07/04/2026 07/04/2026 Libro